Vista normal
Vista MARC
Entrada Nombre corporativo
Número de registros utilizados en: 2
001 - NÚMERO DE CONTROL
- Campo de control: 35595
003 - IDENTIFICADOR DE NÚMERO DE CONTROL
- Campo de control: ES-MaCES
005 - FECHA Y HORA DE LA ULTIMA MODIFICACION
- Campo de control: 20150119113646.0
008 - ELEMENTOS DE DATOS DE LONGITUD FIJA
- Campo de longitud fija: 150119|| azz||aabn | a|a d
040 ## - FUENTE DE LA CATALOGACIÓN
- Agencia original de catalogación: ES-MaCES
110 2# - ENCABEZAMIENTO--NOMBRE CORPORATIVO
- Nombre corporativo o de jurisdicción como elemento de entrada: Consejo de la Unión Europea
410 ## - TRAZADO VEÁSE--NOMBRE CORPORATIVO
- Nombre corporativo o de jurisdicción como elemento de entrada: Consejo de la UE
410 ## - TRAZADO VEÁSE--NOMBRE CORPORATIVO
- Nombre corporativo o de jurisdicción como elemento de entrada: Council of the European Union
670 ## - FUENTE DE DATOS ENCONTRADOS
- Fuente de citación: www.europa.eu
- Información encontrada: También conocido informalmente como Consejo de la UE, es el foro donde se reúnen los ministros de los países de la UE para adoptar la legislación y coordinar políticas. No debe confundirse con: El Consejo Europeo: es otra institución de la UE en la que sus dirigentes se reúnen unas cuatro veces al año para debatir las prioridades políticas de la UE. El Consejo de Europa : no es un organismo de la UE.

